Sampling methods for censuses and surveys (Record no. 1341341)

MARC details
000 -LEADER
fixed length control field 00512nam a2200181Ia 4500
005 - DATE AND TIME OF LATEST TRANSACTION
control field 20250508153223.0
008 - FIXED-LENGTH DATA ELEMENTS--GENERAL INFORMATION
fixed length control field 008 250505s9999 xx 000 0 eng d
037 ## - SOURCE OF ACQUISITION
Stock number Textual
040 ## - CATALOGING SOURCE
Original cataloging agency FEDL
Language of cataloging eng
Transcribing agency FEDL
041 ## - LANGUAGE CODE
Language code of text/sound track or separate title eng
Source of code eng
084 ## - COLON CLASSIFICATION NUMBER
Classification number 312, YAT
Assigning agency FEDL
100 ## - MAIN ENTRY--PERSONAL NAME
Personal name Yates Frank
245 #0 - TITLE STATEMENT
Title Sampling methods for censuses and surveys
260 ## - PUBLICATION, DISTRIBUTION, ETC.
Place of publication, distribution, etc. London, UK
Name of publisher, distributor, etc. Charles Griffin and Company Limited
Date of publication, distribution, etc. 1960
300 ## - PHYSICAL DESCRIPTION
Extent xvi,440p.
942 ## - ADDED ENTRY ELEMENTS (KOHA)
Koha item type Textual
Classification part 312, YAT
Holdings
Withdrawn status Lost status Damaged status Not for loan Home library Current library Date acquired Total Checkouts Full call number Barcode Date last seen Price effective from Koha item type
        Department of Education Library Department of Education Library 2025-05-08   312, YAT EL0024183 2025-05-08 2025-05-08 Textual
Copyright @ Delhi University Library System